|
|
|
|
| LEADER |
00000nab a2200000 4500 |
| 001 |
vtls012067754 |
| 003 |
SK-MaSNL |
| 005 |
20260304014620.0 |
| 008 |
210907|2014 xo |||| ||an ||00 0|slo |
| 015 |
|
|
|a SNBRB2021/09
|
| 040 |
|
|
|a SPKCL
|b slo
|e rda
|
| 041 |
|
|
|a slo
|b slo
|b eng
|
| 044 |
|
|
|a xo
|c SK
|
| 072 |
|
7 |
|a 374
|x Výchova a vzdelávanie dospelých. Mimoškolská výchova a vzdelávanie
|2 konspekt
|
| 072 |
|
7 |
|a 364-1/-7
|x Druhy sociálnej pomoci a služieb
|2 konspekt
|
| 080 |
|
|
|a 364-787.2:374.7
|2 2011
|
| 100 |
1 |
|
|a Szabová-Šírová, Lea
|4 aut
|9 420115
|
| 245 |
1 |
0 |
|a Edukácia v inštitúciách sociálnej pomoci dospelým
|c Lea Szabová-Šírová
|
| 336 |
|
|
|a text
|b txt
|2 rdacontent
|
| 337 |
|
|
|a bez média
|b n
|2 rdamedia
|
| 338 |
|
|
|a zväzok
|b nc
|2 rdacarrier
|
| 504 |
|
|
|a Obsahuje bibliografiu
|
| 546 |
|
|
|a Anglické a slovenské resumé
|
| 650 |
0 |
7 |
|a inštitúcie a organizácie
|2 SNKPH
|9 66282
|
| 650 |
0 |
7 |
|a výchova a vzdelávanie dospelých
|2 SNKPH
|9 71633
|
| 650 |
0 |
7 |
|a sociálna pomoc
|2 SNKPH
|9 3736
|
| 650 |
0 |
7 |
|a sociálna andragogika
|2 snkbucl
|9 71410
|
| 773 |
0 |
|
|t Acta Andragogica (online)
|g Roč. 4 (2014), s. 73-85
|x 978-80-223-3541-6
|
| 856 |
4 |
1 |
|u //fphil.uniba.sk/katedry-a-odborne-pracoviska/katedra-pedagogiky-a-andragogiky/andragogika/veda/acta-andragogica/
|
| 958 |
|
|
|a NB
|
| 999 |
|
|
|c 2586366
|d 2588296
|